Star Wars: Luke Skywalker Quiz - Statistics

General Stats
  • This quiz has been taken 143 times
  • The average score is 9 of 11
Answer Stats
Hint Answer % Correct
Luke's father's actual name Anakin Skywalker
96%
Luke's mentor on Dagobah Yoda
96%
Luke's secret father Darth Vader
94%
Luke's mentor on Tattooine Obi-Wan Kenobi
90%
Luke's wookie friend Chewbacca
89%
Luke's human friend Han Solo
89%
Luke's twin sister Princess Leia Organa
82%
Luke's uncle's name Uncle Owen
82%
Luke's aunt's name Aunt Beru
74%
Luke's descendant who is gonnafinish his grandfathers DESTINY Kylo Ren
58%
The color of Luke's lightsaber Light Blue
12%
No matching quizzes found
Score Distribution
Percent of People with Each Score
Percentile by Number Answered
Your Score History
You have not taken this quiz